000
00298nam a2200085Ia 4500
245
0
_a
Every meal a banquet, every night a honeymoon : unforgettable African experiences
100
_a
YOUNGHUSBAND, Peter L. Johannesburg, 2003
_9
96553
942
_c
BK
008
210818s9999 xx 000 0 und d
999
_c
448918
_d
448917